[Event "Cannes 36e"]
[Site "?"]
[Date "2023.02.25"]
[Round "8"]
[White "Sambuev, Bator"]
[Black "Vlachos, Anatole"]
[Result "1-0"]
[WhiteElo "2407"]
[BlackElo "2454"]
[Annotator "Bator Sambuev"]
[PlyCount "67"]
[EventDate "2023.??.??"]
[SourceVersionDate "2024.01.27"]

{[%mdl 32768]} 1. Nf3 ({When I was a kid I liked to play different tricky
lines in opening. For example, I used to play the Alekhine Defence, and there
was one interesting line:} 1. e4 Nf6 2. d3 e5 3. f4 Nc6 4. Nf3 d5 {[#]} {
I was especially impressed by following line:} 5. fxe5 (5. exd5 Nxd5 6. fxe5
Bg4 7. Be2 {0-1 (24) Maroczy,G-Alekhine,A New York, 1924}) 5... dxe4 6. exf6
exf3 7. Qxf3 Nd4 $1 8. Qe4+ Be6 {and it's practically winning for Black.}) 1...
f5 2. d3 {That's why I like this line against Dutch: it can transpose to the
game mentioned above. Obviously it's not the best line, some normal moves like
2.g3 or 2.c4 are definitely better. But this move is very tricky and leads to
completely different positions.} d6 ({It's difficult to stop 3.e4, e.g.} 2...
Nf6 3. e4 fxe4 4. dxe4 Nxe4 5. Bd3 Nf6 $2 6. Ng5 $18) 3. e4 e5 4. Nc3 Nc6 ({
Now in the case of} 4... Nf6 5. d4 {we transpose to Maroczy - Alekhine
reversed, but it leads to equal position.} ({For many years I was sure that 5.
d4 is the best move, but stronger is} 5. exf5 $1 Bxf5 6. d4 e4 $6 7. Nh4 $1 Bg4
8. Be2 $16)) 5. exf5 {[#]} Nge7 $1 ({That's why 4...Nc6 is more accurate. In
the case of} 5... Bxf5 6. d4 exd4 (6... e4 7. d5 $1 exf3 8. dxc6 bxc6 9. Qxf3
$16) 7. Nxd4 Nxd4 8. Qxd4 c6 9. g4 $1 Bxc2 10. Bg2 Qf6 (10... Qb6 11. Qc4 O-O-O
12. O-O $18) 11. Qc4 {this position is very dangerous for Black.}) 6. g4 {
I thought that this natural move is a novelty, but it proved to be that there
were few correspondence games.} h5 7. gxh5 Nxf5 ({It's better than} 7... Bxf5
8. Nh4) 8. Rg1 ({Good alternative is} 8. h4 {and it was also played in some
correspondence game.}) 8... Be7 9. Nd5 Be6 10. Bh3 Bf6 {[#]} ({Best move
according computer is} 10... Rf8 {and then} 11. Nxe7 Qxe7 12. Rg6 $5 {with
initiative}) 11. h6 ({Better was} 11. Ng5 Bxg5 12. Bxg5 Qd7 13. Bxf5 Bxf5 14.
h6 Be6 $1 {(the only move)} 15. hxg7 Qxg7 16. Nf6+ Kf7 17. Ne4 (17. Qd2 $5 Nd4
18. O-O-O Nf3 19. Qc3 Rac8 $1 20. Ne4 Nxg1 21. Rxg1 Rxh2 22. f4 {with a very
sharp position, which the computer says is 0.00.}) 17... Raf8 18. h4 Ke8 19.
Rg3 $14) ({or} 11. Bxf5 Bxf5 12. h6 Qd7 $1 13. Nxf6+ gxf6 14. Rg7 Qe6 15. Nh4
O-O-O 16. Qh5 Bh7 17. Be3 f5 18. Bg5 Rd7 19. b3 {White is still better. It is
important that Black should find some moves not to get into troubles while
White's moves are quite natural.}) 11... Bxd5 (11... Qd7 {may lead to the
variation from the previous note:} 12. Bxf5 Bxf5 13. Nxf6+ (13. Nh4 $5 Bxh4 $4
14. Rxg7 $18) 13... gxf6 14. Rg7) ({It is interesting that in the case of} 
11... gxh6 {winning move is} 12. c4 $3 {Black is completely paralyzed.}) 12.
Bxf5 gxh6 {[#]} 13. Nd2 $6 ({White had to play} 13. c4 $1 Bxf3 $1 (13... Bf7 $6
14. Qb3 {and White is clearly better.}) 14. Qxf3 Nd4 15. Bg6+ Ke7 16. Qd5 {
the position looks dangerous, but apparently Black should be fine.}) 13... Bf7
14. c3 d5 15. Nb3 Qd6 16. Be3 ({The idea was to provoke ...d5-d4. More
cautious is} 16. Qf3) 16... Ne7 17. Bh3 d4 18. Bd2 {[#]} e4 $2 ({I'd been
counting on this move. Black had to play} 18... dxc3 19. Bxc3 Rd8 {with equal
chances in this sharp position.}) 19. dxe4 dxc3 ({Here my opponent realized
that he missed} 19... Qxh2 20. Qg4 $1 {(any other move and Black wins)} Be6 21.
Qxe6 Qxg1+ 22. Ke2 Qg6 23. Nxd4 $18 {editor: Black can stop the attack with}
Bxd4 24. Qxg6+ Nxg6 25. cxd4 $18 {but White's central passers and B-pair are a
winning combo.}) 20. Bxc3 Bxc3+ 21. bxc3 Qxh2 22. Qd7+ Kf8 23. O-O-O $16 Nc6 $2
{[#]Now all I need is some accuracy.} 24. Qf5 (24. Nc5 {was stronger, but the
text move doesn't spoil anything.}) 24... Rg8 (24... Qe5 25. Qxe5 Nxe5 26. f4 {
looks totally hopeless.}) 25. Qc5+ Ne7 26. Rxg8+ Bxg8 27. Qe3 $1 {[#] Now
everything is protected.} Bf7 28. Qxh6+ Kg8 29. Qg5+ Kf8 (29... Ng6 30. Be6
Qf4+ 31. Qxf4 Nxf4 32. Bxf7+ Kxf7 33. Rd7+ $18) 30. Nc5 $1 Qxh3 31. Nd7+ $8 Ke8
32. Qg7 Nd5 33. Rxd5 Bxd5 34. Nf6+ 1-0

[Event "Transnational Crown"]
[Site "Montreal CAN"]
[Date "2023.06.09"]
[Round "4.6"]
[White "Meshkovs, Nikita"]
[Black "Sambuev, Bator"]
[Result "0-1"]
[WhiteElo "2573"]
[BlackElo "2448"]
[Annotator "Bator Sambuev"]
[PlyCount "60"]
[EventDate "2023.06.06"]
[EventType "swiss"]
[EventRounds "9"]
[EventCountry "CAN"]
[SourceVersionDate "2024.01.27"]

{[%mdl 32768]} 1. d4 e6 2. Nf3 Nf6 3. g3 d5 4. Bg2 c5 5. c4 dxc4 6. O-O Nc6 {
[#]} 7. Qa4 ({The most popular and logical move, but} 7. dxc5) ({or} 7. Ne5 Bd7
8. Na3 cxd4 9. Naxc4 {probably promise White more chances.}) 7... Bd7 ({editor:
} 7... cxd4 8. Nxd4 Qxd4 9. Bxc6+ Bd7 10. Rd1 {scores well for White after both
} Bxc6 ({or} 10... Qxd1+) 11. Qxc6+ $14) 8. Qxc4 b5 9. Qd3 {[#]} c4 ({It is
interesting that I analyzed this line a bit just a day before the game. The
main alternative is} 9... Rc8 {but I never understood what's the point. From
my point of view, after the text move White cannot claim any advantage.}) 10.
Qd1 Rc8 11. a4 $6 ({After this move Black is simply better. If White wanted to
play Ne5 he had to do this immediately:} 11. Ne5 Nxe5 12. dxe5 Ng4 13. Qd4 f5 {
with a roughly equal position.}) 11... b4 12. Ne5 Nxe5 13. dxe5 {[#]} Ng4 $6 ({
I was feeling that my position is already better and thought that it's time to
sacrifice something because White is going to have to play another couple of
moves with his Queen. Unfortunately, my following sacrifice gives Black
adequate compensation but not more.  Comparing to the position without moves
11.a4 b4, here White has some problem with development of the knight, so
better was:} 13... Nd5 14. Bxd5 exd5 15. Qxd5 Bc5 16. Nd2 Be6 17. Qxd8+ Rxd8
18. Ne4 Bd4 {with a clear advantage.}) 14. Qd4 h5 15. h3 Bc5 16. Qf4 Bxf2+ 17.
Rxf2 Nxf2 {[#]} 18. Kxf2 ({The other capture also leads to equal position:} 18.
Qxf2 Bc6 19. Bxc6+ Rxc6 20. Nd2 c3 21. bxc3 bxc3 22. Nf3 Qd1+ 23. Qe1 $1 Qxe1+
24. Nxe1 O-O $11) 18... O-O 19. Be3 f6 20. Bf3 Bc6 {[#]} 21. Bc5 $6 ({It's not
a mistake yet, but the first step into an abyss. After the simple} 21. Nd2 $1
c3 22. bxc3 bxc3 23. Ne4 fxe5 24. Qxe5 Qd5 25. Qxd5 Bxd5 {the most probable
result is a draw.}) 21... Bxf3 22. Bxf8 {[#]} Bb7 ({There was an interesting
possibility:} 22... Qd1 $5 23. Nc3 $1 (23. Qd2 {might be dangerous:} Qh1 24.
Bxb4 $1 Qg2+ 25. Ke3 Bd5 26. Qe1 $1 Qe4+ 27. Kf2 h4 28. Qg1 c3 $1 {with
accurate play White still should be fine, but it looks like there's no risk
for Black.}) (23. exf3 $4 Rxf8 24. Qxc4 fxe5 25. Qe2 Qh1 $19) 23... Qxa1 24.
Bxg7 $1 Qh1 25. exf3 bxc3 26. Bxf6 Qh2+ 27. Ke1 $1 Qd2+ 28. Qxd2 cxd2+ 29. Kxd2
Rb8 30. Kc3 {and most likely it's a draw. I have decided that it's too
complicated and played more natural move because I saw one idea...}) 23. Bd6 (
23. Bxb4 Qb6+ 24. Qe3 Qxb4 25. Nc3 fxe5 26. Rd1 {allowed White to finally
complete development with a pretty safe position.}) 23... fxe5 {[#]} 24. Bxe5
$4 ({I'd been hoping for this move. After} 24. Qxe5 Qb6+ 25. Kf1 Rd8 26. Nd2 $1
Qxd6 27. Qxd6 Rxd6 28. Nxc4 Rd5 29. Ke1 $1 {looks like this ending is slightly
better for Black, but it's just a draw. On the other hand, if I see that in
one line I win and in the other I get a draw if the opponent finds some
precise moves, then I think it's a better choice than going into some crazy
unclear attacking position.}) 24... Qd5 {Now it's just over.} 25. Bd6 Rd8 26.
Qe5 Rxd6 27. Qxd5 Rxd5 {[#] White's problem is that he cannot even complete
development.} 28. Ke1 Rg5 29. Kf2 Rf5+ 30. Ke1 Bg2 {editor - Move 30 and White
didn't move his Ra1 or Nb1.} 0-1

[Event "Excelsior March GM Norm"]
[Site "Toronto CAN"]
[Date "2023.03.15"]
[Round "6.2"]
[White "Mikhalevski, Victor"]
[Black "Sambuev, Bator"]
[Result "0-1"]
[WhiteElo "2519"]
[BlackElo "2434"]
[Annotator "Bator Sambuev"]
[PlyCount "167"]
[EventDate "2023.03.13"]
[EventType "tourn"]
[EventRounds "9"]
[EventCountry "CAN"]
[SourceVersionDate "2024.01.27"]

{[%mdl 32768] In the given game both players committed a number of mistakes; but it
was played in the 6th round of the event with a very tough schedule of two
games a day and very decent opposition, so please don't be too harsh on us.} 1.
Nf3 d5 2. g3 Nf6 3. Bg2 e6 4. O-O Be7 5. c4 O-O 6. b3 a5 {[#] The computer
gives a very simple recipe: always meet c4 with ...d4 and Black has no
problems. I prepared the text move for one of my students some years ago.} 7.
Bb2 ({The most logical move of course is} 7. Nc3 d4 8. Nb5 {but it's not
exactly what White wanted to get playing this opening.}) 7... a4 8. bxa4 Nbd7 {
Black already has no problems, and it is rather White who should be accurate
not to get an inferior position.} 9. cxd5 exd5 {[#]} 10. Nc3 (10. a5 $1 Rxa5
11. a4 {and it's still equal. Now Black is slightly better.}) 10... Nb6 11. Rb1
d4 (11... Bf5 {was probably was a bit more accurate:} 12. d3 d4 13. Nb5 c5 $15)
12. Nb5 c5 13. e3 {[#]} ({This move allows ...Bf5 so it was better to first
play} 13. Qc2 Nxa4 14. Ba1 Be6 15. a3 Nb6 16. e3 {with an equal position.})
13... Nxa4 $6 ({After the game I found I'd overlooked the following exchange
sacrifice:} 13... Bf5 14. exd4 $1 Bxb1 15. Qxb1 Rxa4 16. dxc5 $13 {and with
pawn and bishop pair White is quite safe. On the other hand, the only question
is "can Black win this or not?". I had to accept that, but during the game I
overestimated my position and wasn't satisfied by such an outcome. So after a
long think, I played the text move.}) 14. exd4 Be6 15. dxc5 Bc4 {[#]} 16. Bxf6
$6 ({That what I expected. But White could simply play:} 16. Re1 $1 Nxc5 17.
Bxf6 Bxf6 18. d4 Ne6 19. a4 Bxb5 20. Rxb5 Nxd4 21. Rxb7 Nxf3+ 22. Bxf3 Qxd1 23.
Bxd1 {and now it is Black who has to fight for a draw, even if most likely he
will succeed.}) 16... Bxf6 17. d4 ({Now in the case of} 17. Re1 {Black has} Bd3
$1 18. Bf1 Bxb1 19. Qxb1 Nxc5 20. d4 {and we get similar a game as after 13...
Bf5, with the same chances for both sides. Don't complicate things without
necessity!}) 17... Bxb5 18. Rxb5 Nc3 19. Qd3 Nxb5 20. Qxb5 Bxd4 21. Nxd4 Qxd4 {
[#] Strangely enough I managed to reach the position I was aiming for. After
the best move it still should be a draw, but White suddenly played} 22. Bxb7 $2
({The bishop is obviously misplaced there. After the simpler} 22. Qxb7 Rxa2 23.
c6 {it's very unlikely that Black will manage to convert this.}) 22... Rxa2 23.
c6 Rc2 {Maybe White can hold this position somehow, but the way it goes he
plays without his bishop.} 24. Qf5 Rc5 25. Qd7 Qe5 26. Rd1 g6 27. Qd6 Re8 28.
h4 {[#] Critical Position Should Black exchange Qs with ...Qxd6, or Rs with ...
Rc1?} Rc1 $2 {This attractive move should lead to an immediate draw.} ({
Black retains good winning chances after:} 28... Qxd6 29. Rxd6 Re2 {It is
difficult to estimate chances in this ending. I think with absolutely perfect
play White can survive, so it's something like 75% for a win vs 25% for a draw.
editor: After} 30. Rd7 Rec2 {[%mdl 32768] How can Black can make progress?
White's pawn is stopped and his B looks like it will be permanently guarding
the c-pawn. If both Black Rs are stuck on the c-file to prevent c6-c7 then
it's a kind of dynamic stalemate. But Black can free one of his Rs by bringing
his K to e8 (so the R will hang if c6-c7). Although White's only weak point is
f2, Black can target that with his Rc2 and other R on the f-file. Trading Rs
would let Black's K attack f1 from e1, and if White defends f2 with Rf1 it
will surely soon be a real zugzwang.}) 29. Qd2 $2 ({I was sure that after
trading rooks it should be winning for me because White has no counterplay.
What we both missed is that after the simple:} 29. Rxc1 $1 Qxd6 30. c7 {
it's time to agree to the draw.}) 29... Rxd1+ $19 30. Qxd1 Qc5 31. Qd2 h5 32.
Kg2 Re7 33. Qd1 Kh7 34. Qb3 {[#]} Qd4 $4 ({Suddenly a big mistake! Black had
to play} 34... Re6 $1) 35. Qf3 $4 ({White misses his chance to activate the
bishop:} 35. Ba6 $8 Qc5 36. Qc4 $1 Qxc4 37. Bxc4 {and Black can keep trying,
but now it's a draw.}) 35... Kg7 36. Bc8 ({Now in the case of} 36. Ba6 Qc5 {
the only way to protect the pawn is to go back to b7.}) 36... Qc4 37. Bd7 Re1
38. Kh2 Rc1 39. Be8 Rc3 40. Qd1 {[#]} Qc5 ({It's the very last stand and Black
only needs to find a final regrouping:} 40... Rc2 41. Qf3 Qe6 $1 42. Bd7 Qe1
43. Kg2 Rc1 $19) 41. Kg2 Qe5 42. Bd7 Qe4+ 43. Kg1 Kh7 44. Qf1 Qd4 45. Kh2 Rc2
46. Kg1 Kg7 (46... Qc3 $1 47. Qg2 Qa1+ 48. Kh2 Qd1 49. Bh3 Qe1 $19 {etc.}) 47.
Qg2 Rc1+ 48. Kh2 {[#]} Qd3 ({Here I missed that after} 48... Qf6 $1 {White is
in zugzwang. editor: e.g.} 49. Be8 Rc2 50. Kg1 Qa1+ 51. Kh2 Qe1 $19 {forking
f2 and e8.}) 49. Kh3 Kf8 $2 (49... Qe2 {and White can resign.}) 50. Kh2 {[#]}
Ke7 $2 {This whole idea -- blocking the c-pawn with the K -- is wrong and even
gives White some chances.} 51. Kh3 Kd6 (51... Rc2 $142 52. Kh2 Qe2 53. Kg1 Rc1+
54. Kh2 Rf1 $19) 52. Kh2 Kc7 53. g4 Qd6+ {Anyway... The position is still
winning, but now I should calculate something instead of just making moves. Of
course, I failed...} 54. Qg3 ({editor:} 54. Kh3 Rc3+ 55. f3 Qf4 $19) 54... hxg4
55. Be8 {[#]} f6 $4 ({I got that feeling that I'm losing control over the game,
and after this mistake I have to win it all over again. I was still winning
after} 55... f5 $1 56. Bxg6 (56. Qxd6+ Kxd6 57. Bxg6 Ke5 58. Be8 Kf4 59. Kg2
Rc2 $8 {and ...g3 or ...Kg3 wins.}) 56... f4 $8 57. Qxg4 f3+ $8 58. Qg3 Qxg3+
$8 59. Kxg3 Rg1+ $8 $19 {Somehow I missed that I win the bishop in the end.})
56. Bxg6 (56. Qxd6+ Kxd6 57. Kg3 f5 58. Bxg6 {is the same.}) 56... Rc3 $2 ({
Now it's a draw. Black retains winning chances after} 56... Kxc6 57. Bf5 Rc3
58. Qxd6+ Kxd6 59. Bxg4 Ke5) 57. Qxd6+ $8 Kxd6 {[#]} 58. Bf5 ({It's draw after
} 58. Be8 $1 Ke5 59. h5 $1 $11) 58... Rh3+ $15 59. Kg2 Kxc6 60. Bxg4 Rxh4 61.
Kg3 Rh8 {[#] According tablebase it's a draw and it was a draw until the very
end. editor: but even GMs struggle to play as well as tablebases.} 62. Kf4 Rg8
63. Bf3+ Kd6 64. Be4 Ke6 65. Bf5+ Kf7 66. Ke3 Rb8 67. f4 Rb3+ 68. Kf2 Ke7 69.
Ke2 Ra3 70. Kf2 Kf7 71. Ke2 Ra5 72. Be4 f5 {[#] Trying to restrict some how
the bishop.} 73. Bc6 Rc5 74. Bb7 Ke6 75. Ke3 Rc4 76. Bh1 Kd6 77. Bb7 Rc7 78.
Bg2 Rg7 79. Kf2 Rh7 80. Bf1 Kd5 81. Bd3 Rh5 82. Ke3 Kc5 83. Kf2 Kd4 {[%mdl
32832] [#]  Critical Position. I have made a lot of progress and finally get a
chance. In this position only one move saves White, and my opponent doesn't
find it.} 84. Ba6 $2 {editor - the game score ended here, which seemed odd, so
I asked Bator about it.  "I don't remember exactly... according the live
stream he forfeited on time but I'm not sure. I think right after Ba6 he
realized that he's losing the pawn and resigned." - Sambuev} ({The only saving
move is quite logical:} 84. Bb1 $1 {keeping f5 under attack and preventing ...
Ke4 leaves the R tied down.}) ({But after} 84. Ba6 Ke4 85. Kg3 Rh7 $19 {
there are no checks to dislodge the black king, so Black will win the pawn and
the game.}) 0-1